Countries having Latitude or Longitude within Turkey - Statistics

General Stats
  • This quiz has been taken 134 times
  • The average score is 13 of 22
Answer Stats
Country % Correct
Syria
89%
Israel
84%
Azerbaijan
80%
Armenia
79%
Lebanon
79%
Jordan
78%
Cyprus
77%
Eritrea
62%
Djibouti
60%
Rwanda
59%
Kenya
56%
Uganda
56%
Burundi
55%
Tanzania
51%
Malawi
49%
Mozambique
49%
Vatican City
42%
Moldova
41%
Swaziland
40%
Tajikistan
40%
Lesotho
38%
Comoros
28%
No matching quizzes found
Score Distribution
Percent of People with Each Score
Percentile by Number Answered
Your Score History
You have not taken this quiz